Catalog

Record Details

Catalog Search



Available copies

  • 1 of 1 copy available at LARL/NWRL Consortium.
  • 1 of 1 copy available at Lake Agassiz Regional Library. (Show preferred library)

Current holds

0 current holds with 1 total copy.

Show Only Available Copies
Location Call Number / Copy Notes Barcode Shelving Location Status Due Date
Crookston Public Library J SHE (Text) 33500010811685 Main Available -

Record details

  • ISBN: 9780385752480 (hbk.)
  • ISBN: 0385752482 (hbk.)
  • ISBN: 9780385752497 (lib. bdg.)
  • ISBN: 0385752490 (lib. bdg.)
  • Physical Description: 293 p. : ill. ; 19 cm.
  • Edition: 1st American ed.
  • Publisher: New York : David Fickling Books, 2012.

Content descriptions

Summary, etc.:
A boy and a bear go to sea, equipped with a ... Read More
Subject: Boats and boating > Fiction.
Bears > Fiction.
Adventure and adventurers > Fiction.
Sea stories.
Boats and boating > Juvenile fiction.
Bears > Juvenile fiction.
Genre: Adventure stories.
Sea stories.
Adventure fiction.
Sea stories.
LDR 01825cam a2200469 a 4500
001143146
003LARL_NWRL_CONSORTIUM
00520120621160300.0
008110803r20122011nyua c 000 1 eng
010 . ‡a2011021850
020 . ‡a9780385752480 (hbk.)
020 . ‡a0385752482 (hbk.)
020 . ‡a9780385752497 (lib. bdg.)
020 . ‡a0385752490 (lib. bdg.)
020 . ‡z9780375984754 (ebk.)
020 . ‡z0375984755 (ebk.)
035 . ‡a(OCoLC)745428679
040 . ‡aDLC ‡beng ‡cDLC ‡dIG# ‡dBTCTA ‡dBDX ‡dMLY ‡dLF3
05000. ‡aPZ7.S54147 ‡bBoy 2012
08200. ‡a[Fic] ‡223
1001 . ‡aShelton, Dave.
24512. ‡aA boy and a bear in a boat / ‡cDave Shelton.
250 . ‡a1st American ed.
260 . ‡aNew York : ‡bDavid Fickling Books, ‡c2012.
300 . ‡a293 p. : ‡bill. ; ‡c19 cm.
520 . ‡aA boy and a bear go to sea, equipped with a suitcase, a comic book and a ukulele, for a short trip but soon their boat encounters "unforeseeable anomalies," strange storms, a terrifying sea monster, and the rank remains of The Very Last Sandwich.
650 1. ‡aBoats and boating ‡vFiction. ‡0(LARL_NWRL_CONSORTIUM)163749
650 1. ‡aBears ‡vFiction. ‡0(LARL_NWRL_CONSORTIUM)168958
650 1. ‡aAdventure and adventurers ‡vFiction. ‡0(LARL_NWRL_CONSORTIUM)175858
650 1. ‡aSea stories. ‡0(LARL_NWRL_CONSORTIUM)30505
650 0. ‡aBoats and boating ‡vJuvenile fiction.
650 0. ‡aBears ‡vJuvenile fiction. ‡0(LARL_NWRL_CONSORTIUM)163670
655 0. ‡aAdventure stories.
655 0. ‡aSea stories.
655 7. ‡aAdventure fiction. ‡2gsafd
655 7. ‡aSea stories. ‡2gsafd
948 . ‡hNO HOLDINGS IN LAL - 107 OTHER HOLDINGS
994 . ‡aZ0 ‡bLAL
901 . ‡a143146 ‡bOCLC ‡c143146 ‡tbiblio

Additional Resources